00775nam a2200229Ia 4500003000900000008004100009020001800050040001600068080001500084245004800099260005000147300001600197490006500213650002900278650003300307650003000340650002100370700003400391942000700425999001500432952009800447IN-BaIIA211028s9999 xx 000 0 eng d a0-470-83997-X cIIA Library a535-4bSWI 0aPolarized lightcedited by William Swindell aStroudsburgbDowden, Huchinson and Rossc1975 axiii, 418p. aBenchmark Papers in Optics; v. 1/edited by Stanley S Ballard a Optical Activity98583 a Optical Elasticity 98584 a Polarized Light 98585 aNASA Thesaurus  aSwindell, William., ed.98586 cBK c4821d4821 00104070aBANbBANcGENd1976-03-15l0o535-4/ SWIp5396r2021-11-05w1976-03-15yBK 28.00